| 000 | 00466nam a22001457a 4500 | ||
|---|---|---|---|
| 008 | 140606b xxu||||| |||| 00| 0 eng d | ||
| 020 | _a9780005999240 | ||
| 050 | _aLC377.F818 | ||
| 100 |
_aFrancis, Leslie J. _910698 |
||
| 245 |
_aReligion in the primary school _bpartnership between church and state? _cLeslie J. Francis |
||
| 260 |
_aGlasgow _bCollins _c1987 |
||
| 300 |
_a215p. ; _c22cm. |
||
| 650 |
_aCatholic primary schools _910699 |
||
| 942 |
_2lcc _cMONOGRAPH _02 |
||
| 999 |
_c120654 _d120654 |
||